Quizzes
Events
Quiz Creation
Community
Videos
Private Events
Remove Ads
Sign In
Join for FREE
Feedback
Dark Mode
Quiz Categories
Sports
Geography
Music
Movies
Television
Just For Fun
Miscellaneous
History
Literature
Language
Science
Gaming
Entertainment
Religion
Holiday
For Kids
Quiz Lab
Recent
Popular Today
Quiz Kudos Today
Editor Picks
Curator Picks
Quizzes by...
Day
Popularity
Type
Ratings
Length
Year
Community
Subscriptions
Recent Discussions
Orange Saloon
Badges
Playlists
Quests
Create
Leaderboards
Showdown
Live 5
Trivia Bingo
Activity
Puzzle Library
Sporcle Events
Private Events
Virtual Trivia
Globe League
Become a Host
Pub Owners
SporcleCon
Opinionation
Our Games
Videos
Blog
Mobile Apps
Partnerships
Remove Ads and Go Orange
Feedback
Sports
Athletes
MLB
NBA
NHL
NFL
Soccer
Sports Teams
WWE
NCAA
Football
Premier League
Basketball
Baseball
Hockey
Golf
Tennis
Cricket
Rugby
Auto Racing
Olympics
World Cup
Sports
Athletes
MLB
NBA
NHL
NFL
Soccer
Sports Teams
WWE
NCAA
Football
Premier League
Basketball
Baseball
Hockey
Golf
Tennis
Cricket
Rugby
Auto Racing
Olympics
World Cup
Random Quiz
Search Sporcle
×
Quiz Lab
Quiz Lab
Sports
1988
Type in answers that appear in a list
Type in answers that appear in a list
Classic
Best Score? Go Orange.
Notre Dame Quarterbacks since 1988 Stats
Can you name the Notre Dame Starting Quarterbacks since 1988?
By
wcarey
8m
15 Questions
3,431 Plays
3,431 Plays
3,431 Plays
Comments
Comments
Give Quiz Kudos
Give Quiz Kudos
-
- Ratings
hide this ad
Replay
Link that replays current quiz
Next Quiz
Link to next quiz in quiz playlist
You Got
0%
They Got
Avg Score
49%
Avg Friend Score
Upgrade to see
Score Distribution
Jump to the score distribution portion of the page
Score
0/15
Timer
08:00
0
Plays Today
Year (s)
Quarterback
% Correct
2003-
2006
Brady Quinn
94.8%
2007-
present
Jimmy Clausen
90.9%
1989
Tony Rice
64.2%
1990-
1992
Rick Mirer
62.1%
1994-
1997
Ron Powlus
54.8%
1998-
1999
Jarious Jackson
52.7%
2001-
2003
Carlyle Holiday
51.5%
2007
Demetrius Jones
43.1%
Year (s)
Quarterback
% Correct
1999-
2000
Arnaz Battle
42.7%
2007
Evan Sharpley
40.3%
1993
Kevin McDougal
36.8%
2000
Matt LoVecchio
33.4%
2002
Pat Dillingham
29.4%
2000
Gary Godsey
23.5%
1994
Tom Krug
16.6%
Quiz Playlist
Details
Report
Send in Message
Add To Playlist
Classic:
Type in answers that appear in a list
Last Updated: Feb 16, 2017
Quiz Scoreboard
CHALLENGE
Sign Up to Join the Scoreboard
Show All
Scores
Hide
Comments
May contain spoilers
Recently Published
Alphabetical 'K' Countries by Flag Minefield
by ylime102
Geography
3m
Pick 6: Fruits
by JohnFran
Miscellaneous
15s
Click the 1999 NBA Draft
by nibperrychub
Sports
2m
More to Explore
Quiz From the Vault
Featured Blog Post
15 Basketball Trivia Facts You Can Be March Mad About
hide this ad
You Might Also Like...
Tags
1988
dame
Notre Dame
Quarterbacks
Starting
Starting QB
Today's Top Quizzes in Sports
Browse Sports
hide this ad
Today's Top Quizzes in 1988
Browse 1988
Top Contributed Quizzes in Sports
1
Les joueurs à 100 buts en Ligue 1 Uber Eats
2
Pick 6: NFL Teams
3
MLB 2 truths and a lie: Hall of Fame pitchers
4
Criteria MLB: Left Handed Sluggers
5
2022 World Cup Stars
6
Don't Strike Out: 3000 Strikeouts
7
Millionaire: NBA Finals Edition
8
Pick 6: Minor League Baseball
9
Click the 1998 NBA Draft
10
Pick 6: Olympics
Explore More
Trending Topics
Kpop
Disney
Crossword
Marvel
Harry Potter
Anime
NBA
WWE
NFL
Country
The Office
Song
Puzzle
Pokémon
Soccer
hide this ad
More By:
wcarey
Quiz
Plays
Rating
Category
Featured
Created
Notre Dame Quarterbacks since 1988
3,431
3.56
Sports
Sep 24, 2009
Kansas Jayhawks 2008 National Champions
350
1.00
Sports
Sep 24, 2009
Go to Creator's Profile
Score Distribution
Quiz Creator Spotlight
wcarey
Follow
Send a Message
Quizzes Created
-
Created Quiz Play Count
-
More By This Creator
Popular Quizzes Today
1
Countries of Asia Without Outlines Minefield
2
Find the US States - No Outlines Minefield
3
Pick 6: Fruits
4
Alphabetical 'K' Countries by Flag Minefield
5
The Countries of the World
6
Find the US States
7
US States
8
Match the Book to the Film X
More Sports Quizzes
First XI: McClaren - England
Quiz Lab
Trending Quizzes
Pick 6: Mountains
Pick 6: Harry Potter
Pick 6: NFL Teams
Pick 6: Movie Franchises
Pick 6: Golfers
Recently Updated
NWSL Teams
pecheneg
Women's Final Four Teams by Year
bhenderson79
Presidents Quartet II
eogle
Anything But Clue(do)
eogle
Anything But Oceanian Capitals
eogle
Anything But 7
eogle
Anything But Thing
eogle
Word Ladder: February 29
pecheneg
Song Title Questions
pecheneg
Women's NCAA Tournament #1 Seeds
pecheneg
Trending Topics
Harry Potter
Disney
Anime
NBA
Kpop
Crossword
Marvel
Pokémon
Soccer
The Office
NFL
WWE
Song
Puzzle
Country
Your Account Isn't Verified!
In order to create a playlist on Sporcle, you need to verify the email address you used during registration. Go to your
Sporcle Settings
to finish the process.
Report this User
Report this user for behavior that violates our
Community Guidelines
.
Details:
Send Report
Go to the Sporcle.com Mobile Site →
Comments